<?xml version="1.0" encoding="UTF-8"?>
<collection xmlns="http://www.loc.gov/MARC21/slim">
<record>
  <controlfield tag="001">1426683</controlfield>
  <controlfield tag="005">20241120163316.0</controlfield>
  <datafield tag="024" ind1="8" ind2=" ">
    <subfield code="a">oai:cds.cern.ch:1426683</subfield>
    <subfield code="p">cerncds:FULLTEXT</subfield>
  </datafield>
  <datafield tag="980" ind1=" " ind2=" ">
    <subfield code="a">PHOTOLAB</subfield>
  </datafield>
  <datafield tag="960" ind1=" " ind2=" ">
    <subfield code="a">81</subfield>
  </datafield>
  <datafield tag="963" ind1=" " ind2=" ">
    <subfield code="a">PUBLIC</subfield>
  </datafield>
  <datafield tag="595" ind1=" " ind2=" ">
    <subfield code="a">CERN EDS</subfield>
  </datafield>
  <datafield tag="650" ind1="1" ind2="7">
    <subfield code="2">SzGeCERN</subfield>
    <subfield code="a">Experiments and Tracks</subfield>
  </datafield>
  <datafield tag="037" ind1=" " ind2=" ">
    <subfield code="a">CERN-EX-1202017</subfield>
  </datafield>
  <datafield tag="041" ind1=" " ind2=" ">
    <subfield code="a">eng</subfield>
  </datafield>
  <datafield tag="100" ind1=" " ind2=" ">
    <subfield code="a">Maximilien Brice</subfield>
  </datafield>
  <datafield tag="245" ind1=" " ind2=" ">
    <subfield code="a">Preparation of diamond detectors for muon measurements in the CNGS facility.</subfield>
  </datafield>
  <datafield tag="269" ind1=" " ind2=" ">
    <subfield code="c">03 Feb 2012</subfield>
  </datafield>
  <datafield tag="340" ind1=" " ind2=" ">
    <subfield code="a">DIGITAL</subfield>
  </datafield>
  <datafield tag="542" ind1=" " ind2=" ">
    <subfield code="d">CERN</subfield>
    <subfield code="g">2012</subfield>
  </datafield>
  <datafield tag="859" ind1=" " ind2=" ">
    <subfield code="f">maximilien.brice@cern.ch</subfield>
  </datafield>
  <datafield tag="260" ind1=" " ind2=" ">
    <subfield code="c">2012</subfield>
  </datafield>
  <datafield tag="653" ind1="1" ind2=" ">
    <subfield code="a">CNGS</subfield>
    <subfield code="9">CERN</subfield>
  </datafield>
  <datafield tag="653" ind1="1" ind2=" ">
    <subfield code="a">Diamonds</subfield>
    <subfield code="9">CERN</subfield>
  </datafield>
  <datafield tag="856" ind1="4" ind2=" ">
    <subfield code="8">2610378</subfield>
    <subfield code="s">6784461</subfield>
    <subfield code="u">http://cds.cern.ch/record/1426683/files/1202017_18.jpg</subfield>
    <subfield code="z">CDSINTERNAL|MediaArchive|Migrated from: \\cern.ch\dfs\Services\MediaArchive\Photo\Masters\2012\1202017\1202017_18.jpg</subfield>
  </datafield>
  <datafield tag="856" ind1="4" ind2=" ">
    <subfield code="8">2610379</subfield>
    <subfield code="s">6015740</subfield>
    <subfield code="u">http://cds.cern.ch/record/1426683/files/1202017_19.jpg</subfield>
    <subfield code="z">CDSINTERNAL|MediaArchive|Migrated from: \\cern.ch\dfs\Services\MediaArchive\Photo\Masters\2012\1202017\1202017_19.jpg</subfield>
  </datafield>
  <datafield tag="856" ind1="4" ind2=" ">
    <subfield code="8">2610380</subfield>
    <subfield code="s">8128534</subfield>
    <subfield code="u">http://cds.cern.ch/record/1426683/files/1202017_01.jpg</subfield>
    <subfield code="z">CDSINTERNAL|MediaArchive|Migrated from: \\cern.ch\dfs\Services\MediaArchive\Photo\Masters\2012\1202017\1202017_01.jpg</subfield>
  </datafield>
  <datafield tag="856" ind1="4" ind2=" ">
    <subfield code="8">2610381</subfield>
    <subfield code="s">4044496</subfield>
    <subfield code="u">http://cds.cern.ch/record/1426683/files/1202017_02.jpg</subfield>
    <subfield code="z">CDSINTERNAL|MediaArchive|Migrated from: \\cern.ch\dfs\Services\MediaArchive\Photo\Masters\2012\1202017\1202017_02.jpg</subfield>
  </datafield>
  <datafield tag="856" ind1="4" ind2=" ">
    <subfield code="8">2610382</subfield>
    <subfield code="s">5899380</subfield>
    <subfield code="u">http://cds.cern.ch/record/1426683/files/1202017_03.jpg</subfield>
    <subfield code="z">CDSINTERNAL|MediaArchive|Migrated from: \\cern.ch\dfs\Services\MediaArchive\Photo\Masters\2012\1202017\1202017_03.jpg</subfield>
  </datafield>
  <datafield tag="856" ind1="4" ind2=" ">
    <subfield code="8">2610383</subfield>
    <subfield code="s">8174843</subfield>
    <subfield code="u">http://cds.cern.ch/record/1426683/files/1202017_04.jpg</subfield>
    <subfield code="z">CDSINTERNAL|MediaArchive|Migrated from: \\cern.ch\dfs\Services\MediaArchive\Photo\Masters\2012\1202017\1202017_04.jpg</subfield>
  </datafield>
  <datafield tag="856" ind1="4" ind2=" ">
    <subfield code="8">2610384</subfield>
    <subfield code="s">4451714</subfield>
    <subfield code="u">http://cds.cern.ch/record/1426683/files/1202017_06.jpg</subfield>
    <subfield code="z">CDSINTERNAL|MediaArchive|Migrated from: \\cern.ch\dfs\Services\MediaArchive\Photo\Masters\2012\1202017\1202017_06.jpg</subfield>
  </datafield>
  <datafield tag="856" ind1="4" ind2=" ">
    <subfield code="8">2610385</subfield>
    <subfield code="s">6228689</subfield>
    <subfield code="u">http://cds.cern.ch/record/1426683/files/1202017_08.jpg</subfield>
    <subfield code="z">CDSINTERNAL|MediaArchive|Migrated from: \\cern.ch\dfs\Services\MediaArchive\Photo\Masters\2012\1202017\1202017_08.jpg</subfield>
  </datafield>
  <datafield tag="856" ind1="4" ind2=" ">
    <subfield code="8">2610386</subfield>
    <subfield code="s">2920525</subfield>
    <subfield code="u">http://cds.cern.ch/record/1426683/files/1202017_10.jpg</subfield>
    <subfield code="z">CDSINTERNAL|MediaArchive|Migrated from: \\cern.ch\dfs\Services\MediaArchive\Photo\Masters\2012\1202017\1202017_10.jpg</subfield>
  </datafield>
  <datafield tag="856" ind1="4" ind2=" ">
    <subfield code="8">2610387</subfield>
    <subfield code="s">6129915</subfield>
    <subfield code="u">http://cds.cern.ch/record/1426683/files/1202017_09.jpg</subfield>
    <subfield code="z">CDSINTERNAL|MediaArchive|Migrated from: \\cern.ch\dfs\Services\MediaArchive\Photo\Masters\2012\1202017\1202017_09.jpg</subfield>
  </datafield>
  <datafield tag="856" ind1="4" ind2=" ">
    <subfield code="8">2610388</subfield>
    <subfield code="s">3063767</subfield>
    <subfield code="u">http://cds.cern.ch/record/1426683/files/1202017_07.jpg</subfield>
    <subfield code="z">CDSINTERNAL|MediaArchive|Migrated from: \\cern.ch\dfs\Services\MediaArchive\Photo\Masters\2012\1202017\1202017_07.jpg</subfield>
  </datafield>
  <datafield tag="856" ind1="4" ind2=" ">
    <subfield code="8">2610389</subfield>
    <subfield code="s">4813319</subfield>
    <subfield code="u">http://cds.cern.ch/record/1426683/files/1202017_05.jpg</subfield>
    <subfield code="z">CDSINTERNAL|MediaArchive|Migrated from: \\cern.ch\dfs\Services\MediaArchive\Photo\Masters\2012\1202017\1202017_05.jpg</subfield>
  </datafield>
  <datafield tag="856" ind1="4" ind2=" ">
    <subfield code="8">2610390</subfield>
    <subfield code="s">4306688</subfield>
    <subfield code="u">http://cds.cern.ch/record/1426683/files/1202017_11.jpg</subfield>
    <subfield code="z">CDSINTERNAL|MediaArchive|Migrated from: \\cern.ch\dfs\Services\MediaArchive\Photo\Masters\2012\1202017\1202017_11.jpg</subfield>
  </datafield>
  <datafield tag="856" ind1="4" ind2=" ">
    <subfield code="8">2610391</subfield>
    <subfield code="s">8119951</subfield>
    <subfield code="u">http://cds.cern.ch/record/1426683/files/1202017_14.jpg</subfield>
    <subfield code="z">CDSINTERNAL|MediaArchive|Migrated from: \\cern.ch\dfs\Services\MediaArchive\Photo\Masters\2012\1202017\1202017_14.jpg</subfield>
  </datafield>
  <datafield tag="856" ind1="4" ind2=" ">
    <subfield code="8">2610392</subfield>
    <subfield code="s">7375603</subfield>
    <subfield code="u">http://cds.cern.ch/record/1426683/files/1202017_15.jpg</subfield>
    <subfield code="z">CDSINTERNAL|MediaArchive|Migrated from: \\cern.ch\dfs\Services\MediaArchive\Photo\Masters\2012\1202017\1202017_15.jpg</subfield>
  </datafield>
  <datafield tag="856" ind1="4" ind2=" ">
    <subfield code="8">2610393</subfield>
    <subfield code="s">6089451</subfield>
    <subfield code="u">http://cds.cern.ch/record/1426683/files/1202017_16.jpg</subfield>
    <subfield code="z">CDSINTERNAL|MediaArchive|Migrated from: \\cern.ch\dfs\Services\MediaArchive\Photo\Masters\2012\1202017\1202017_16.jpg</subfield>
  </datafield>
  <datafield tag="856" ind1="4" ind2=" ">
    <subfield code="8">2610394</subfield>
    <subfield code="s">5591638</subfield>
    <subfield code="u">http://cds.cern.ch/record/1426683/files/1202017_17.jpg</subfield>
    <subfield code="z">CDSINTERNAL|MediaArchive|Migrated from: \\cern.ch\dfs\Services\MediaArchive\Photo\Masters\2012\1202017\1202017_17.jpg</subfield>
  </datafield>
  <datafield tag="856" ind1="4" ind2=" ">
    <subfield code="8">2610395</subfield>
    <subfield code="s">6628248</subfield>
    <subfield code="u">http://cds.cern.ch/record/1426683/files/1202017_12.jpg</subfield>
    <subfield code="z">CDSINTERNAL|MediaArchive|Migrated from: \\cern.ch\dfs\Services\MediaArchive\Photo\Masters\2012\1202017\1202017_12.jpg</subfield>
  </datafield>
  <datafield tag="856" ind1="4" ind2=" ">
    <subfield code="8">2610396</subfield>
    <subfield code="s">4251099</subfield>
    <subfield code="u">http://cds.cern.ch/record/1426683/files/1202017_13.jpg</subfield>
    <subfield code="z">CDSINTERNAL|MediaArchive|Migrated from: \\cern.ch\dfs\Services\MediaArchive\Photo\Masters\2012\1202017\1202017_13.jpg</subfield>
  </datafield>
  <datafield tag="856" ind1="4" ind2=" ">
    <subfield code="8">2610378</subfield>
    <subfield code="s">364255</subfield>
    <subfield code="u">http://cds.cern.ch/record/1426683/files/1202017_18.jpg?subformat=icon-1440</subfield>
    <subfield code="x">icon-1440</subfield>
    <subfield code="z">CDSINTERNAL|MediaArchive|Migrated from: http://mediaarchive.cern.ch/MediaArchive/Photo/Public/2012/1202017/1202017_18/1202017_18-A4-at-144-dpi.jpg</subfield>
  </datafield>
  <datafield tag="856" ind1="4" ind2=" ">
    <subfield code="8">2610378</subfield>
    <subfield code="s">45460</subfield>
    <subfield code="u">http://cds.cern.ch/record/1426683/files/1202017_18.jpg?subformat=icon-720</subfield>
    <subfield code="x">icon-720</subfield>
    <subfield code="z">CDSINTERNAL|MediaArchive|Migrated from: http://mediaarchive.cern.ch/MediaArchive/Photo/Public/2012/1202017/1202017_18/1202017_18-A5-at-72-dpi.jpg</subfield>
  </datafield>
  <datafield tag="856" ind1="4" ind2=" ">
    <subfield code="8">2610378</subfield>
    <subfield code="s">5716</subfield>
    <subfield code="u">http://cds.cern.ch/record/1426683/files/1202017_18.jpg?subformat=icon-180</subfield>
    <subfield code="x">icon-180</subfield>
    <subfield code="z">CDSINTERNAL|MediaArchive|Migrated from: http://mediaarchive.cern.ch/MediaArchive/Photo/Public/2012/1202017/1202017_18/1202017_18-Icon.jpg</subfield>
  </datafield>
  <datafield tag="856" ind1="4" ind2=" ">
    <subfield code="8">2610379</subfield>
    <subfield code="s">328311</subfield>
    <subfield code="u">http://cds.cern.ch/record/1426683/files/1202017_19.jpg?subformat=icon-1440</subfield>
    <subfield code="x">icon-1440</subfield>
    <subfield code="z">CDSINTERNAL|MediaArchive|Migrated from: http://mediaarchive.cern.ch/MediaArchive/Photo/Public/2012/1202017/1202017_19/1202017_19-A4-at-144-dpi.jpg</subfield>
  </datafield>
  <datafield tag="856" ind1="4" ind2=" ">
    <subfield code="8">2610379</subfield>
    <subfield code="s">44789</subfield>
    <subfield code="u">http://cds.cern.ch/record/1426683/files/1202017_19.jpg?subformat=icon-720</subfield>
    <subfield code="x">icon-720</subfield>
    <subfield code="z">CDSINTERNAL|MediaArchive|Migrated from: http://mediaarchive.cern.ch/MediaArchive/Photo/Public/2012/1202017/1202017_19/1202017_19-A5-at-72-dpi.jpg</subfield>
  </datafield>
  <datafield tag="856" ind1="4" ind2=" ">
    <subfield code="8">2610379</subfield>
    <subfield code="s">5574</subfield>
    <subfield code="u">http://cds.cern.ch/record/1426683/files/1202017_19.jpg?subformat=icon-180</subfield>
    <subfield code="x">icon-180</subfield>
    <subfield code="z">CDSINTERNAL|MediaArchive|Migrated from: http://mediaarchive.cern.ch/MediaArchive/Photo/Public/2012/1202017/1202017_19/1202017_19-Icon.jpg</subfield>
  </datafield>
  <datafield tag="856" ind1="4" ind2=" ">
    <subfield code="8">2610380</subfield>
    <subfield code="s">203250</subfield>
    <subfield code="u">http://cds.cern.ch/record/1426683/files/1202017_01.jpg?subformat=icon-1440</subfield>
    <subfield code="x">icon-1440</subfield>
    <subfield code="z">CDSINTERNAL|MediaArchive|Migrated from: http://mediaarchive.cern.ch/MediaArchive/Photo/Public/2012/1202017/1202017_01/1202017_01-A4-at-144-dpi.jpg</subfield>
  </datafield>
  <datafield tag="856" ind1="4" ind2=" ">
    <subfield code="8">2610380</subfield>
    <subfield code="s">37369</subfield>
    <subfield code="u">http://cds.cern.ch/record/1426683/files/1202017_01.jpg?subformat=icon-720</subfield>
    <subfield code="x">icon-720</subfield>
    <subfield code="z">CDSINTERNAL|MediaArchive|Migrated from: http://mediaarchive.cern.ch/MediaArchive/Photo/Public/2012/1202017/1202017_01/1202017_01-A5-at-72-dpi.jpg</subfield>
  </datafield>
  <datafield tag="856" ind1="4" ind2=" ">
    <subfield code="8">2610380</subfield>
    <subfield code="s">7338</subfield>
    <subfield code="u">http://cds.cern.ch/record/1426683/files/1202017_01.jpg?subformat=icon-180</subfield>
    <subfield code="x">icon-180</subfield>
    <subfield code="z">CDSINTERNAL|MediaArchive|Migrated from: http://mediaarchive.cern.ch/MediaArchive/Photo/Public/2012/1202017/1202017_01/1202017_01-Icon.jpg</subfield>
  </datafield>
  <datafield tag="856" ind1="4" ind2=" ">
    <subfield code="8">2610381</subfield>
    <subfield code="s">279009</subfield>
    <subfield code="u">http://cds.cern.ch/record/1426683/files/1202017_02.jpg?subformat=icon-1440</subfield>
    <subfield code="x">icon-1440</subfield>
    <subfield code="z">CDSINTERNAL|MediaArchive|Migrated from: http://mediaarchive.cern.ch/MediaArchive/Photo/Public/2012/1202017/1202017_02/1202017_02-A4-at-144-dpi.jpg</subfield>
  </datafield>
  <datafield tag="856" ind1="4" ind2=" ">
    <subfield code="8">2610381</subfield>
    <subfield code="s">52345</subfield>
    <subfield code="u">http://cds.cern.ch/record/1426683/files/1202017_02.jpg?subformat=icon-720</subfield>
    <subfield code="x">icon-720</subfield>
    <subfield code="z">CDSINTERNAL|MediaArchive|Migrated from: http://mediaarchive.cern.ch/MediaArchive/Photo/Public/2012/1202017/1202017_02/1202017_02-A5-at-72-dpi.jpg</subfield>
  </datafield>
  <datafield tag="856" ind1="4" ind2=" ">
    <subfield code="8">2610381</subfield>
    <subfield code="s">9103</subfield>
    <subfield code="u">http://cds.cern.ch/record/1426683/files/1202017_02.jpg?subformat=icon-180</subfield>
    <subfield code="x">icon-180</subfield>
    <subfield code="z">CDSINTERNAL|MediaArchive|Migrated from: http://mediaarchive.cern.ch/MediaArchive/Photo/Public/2012/1202017/1202017_02/1202017_02-Icon.jpg</subfield>
  </datafield>
  <datafield tag="856" ind1="4" ind2=" ">
    <subfield code="8">2610382</subfield>
    <subfield code="s">226199</subfield>
    <subfield code="u">http://cds.cern.ch/record/1426683/files/1202017_03.jpg?subformat=icon-1440</subfield>
    <subfield code="x">icon-1440</subfield>
    <subfield code="z">CDSINTERNAL|MediaArchive|Migrated from: http://mediaarchive.cern.ch/MediaArchive/Photo/Public/2012/1202017/1202017_03/1202017_03-A4-at-144-dpi.jpg</subfield>
  </datafield>
  <datafield tag="856" ind1="4" ind2=" ">
    <subfield code="8">2610382</subfield>
    <subfield code="s">43088</subfield>
    <subfield code="u">http://cds.cern.ch/record/1426683/files/1202017_03.jpg?subformat=icon-720</subfield>
    <subfield code="x">icon-720</subfield>
    <subfield code="z">CDSINTERNAL|MediaArchive|Migrated from: http://mediaarchive.cern.ch/MediaArchive/Photo/Public/2012/1202017/1202017_03/1202017_03-A5-at-72-dpi.jpg</subfield>
  </datafield>
  <datafield tag="856" ind1="4" ind2=" ">
    <subfield code="8">2610382</subfield>
    <subfield code="s">8091</subfield>
    <subfield code="u">http://cds.cern.ch/record/1426683/files/1202017_03.jpg?subformat=icon-180</subfield>
    <subfield code="x">icon-180</subfield>
    <subfield code="z">CDSINTERNAL|MediaArchive|Migrated from: http://mediaarchive.cern.ch/MediaArchive/Photo/Public/2012/1202017/1202017_03/1202017_03-Icon.jpg</subfield>
  </datafield>
  <datafield tag="856" ind1="4" ind2=" ">
    <subfield code="8">2610383</subfield>
    <subfield code="s">363689</subfield>
    <subfield code="u">http://cds.cern.ch/record/1426683/files/1202017_04.jpg?subformat=icon-1440</subfield>
    <subfield code="x">icon-1440</subfield>
    <subfield code="z">CDSINTERNAL|MediaArchive|Migrated from: http://mediaarchive.cern.ch/MediaArchive/Photo/Public/2012/1202017/1202017_04/1202017_04-A4-at-144-dpi.jpg</subfield>
  </datafield>
  <datafield tag="856" ind1="4" ind2=" ">
    <subfield code="8">2610383</subfield>
    <subfield code="s">57509</subfield>
    <subfield code="u">http://cds.cern.ch/record/1426683/files/1202017_04.jpg?subformat=icon-720</subfield>
    <subfield code="x">icon-720</subfield>
    <subfield code="z">CDSINTERNAL|MediaArchive|Migrated from: http://mediaarchive.cern.ch/MediaArchive/Photo/Public/2012/1202017/1202017_04/1202017_04-A5-at-72-dpi.jpg</subfield>
  </datafield>
  <datafield tag="856" ind1="4" ind2=" ">
    <subfield code="8">2610383</subfield>
    <subfield code="s">9295</subfield>
    <subfield code="u">http://cds.cern.ch/record/1426683/files/1202017_04.jpg?subformat=icon-180</subfield>
    <subfield code="x">icon-180</subfield>
    <subfield code="z">CDSINTERNAL|MediaArchive|Migrated from: http://mediaarchive.cern.ch/MediaArchive/Photo/Public/2012/1202017/1202017_04/1202017_04-Icon.jpg</subfield>
  </datafield>
  <datafield tag="856" ind1="4" ind2=" ">
    <subfield code="8">2610384</subfield>
    <subfield code="s">163688</subfield>
    <subfield code="u">http://cds.cern.ch/record/1426683/files/1202017_06.jpg?subformat=icon-1440</subfield>
    <subfield code="x">icon-1440</subfield>
    <subfield code="z">CDSINTERNAL|MediaArchive|Migrated from: http://mediaarchive.cern.ch/MediaArchive/Photo/Public/2012/1202017/1202017_06/1202017_06-A4-at-144-dpi.jpg</subfield>
  </datafield>
  <datafield tag="856" ind1="4" ind2=" ">
    <subfield code="8">2610384</subfield>
    <subfield code="s">27831</subfield>
    <subfield code="u">http://cds.cern.ch/record/1426683/files/1202017_06.jpg?subformat=icon-720</subfield>
    <subfield code="x">icon-720</subfield>
    <subfield code="z">CDSINTERNAL|MediaArchive|Migrated from: http://mediaarchive.cern.ch/MediaArchive/Photo/Public/2012/1202017/1202017_06/1202017_06-A5-at-72-dpi.jpg</subfield>
  </datafield>
  <datafield tag="856" ind1="4" ind2=" ">
    <subfield code="8">2610384</subfield>
    <subfield code="s">5128</subfield>
    <subfield code="u">http://cds.cern.ch/record/1426683/files/1202017_06.jpg?subformat=icon-180</subfield>
    <subfield code="x">icon-180</subfield>
    <subfield code="z">CDSINTERNAL|MediaArchive|Migrated from: http://mediaarchive.cern.ch/MediaArchive/Photo/Public/2012/1202017/1202017_06/1202017_06-Icon.jpg</subfield>
  </datafield>
  <datafield tag="856" ind1="4" ind2=" ">
    <subfield code="8">2610385</subfield>
    <subfield code="s">11238</subfield>
    <subfield code="u">http://cds.cern.ch/record/1426683/files/1202017_08.jpg?subformat=icon-180</subfield>
    <subfield code="x">icon-180</subfield>
    <subfield code="z">CDSINTERNAL|MediaArchive|Migrated from: http://mediaarchive.cern.ch/MediaArchive/Photo/Public/2012/1202017/1202017_08/1202017_08-Icon.jpg</subfield>
  </datafield>
  <datafield tag="856" ind1="4" ind2=" ">
    <subfield code="8">2610385</subfield>
    <subfield code="s">332400</subfield>
    <subfield code="u">http://cds.cern.ch/record/1426683/files/1202017_08.jpg?subformat=icon-1440</subfield>
    <subfield code="x">icon-1440</subfield>
    <subfield code="z">CDSINTERNAL|MediaArchive|Migrated from: http://mediaarchive.cern.ch/MediaArchive/Photo/Public/2012/1202017/1202017_08/1202017_08-A4-at-144-dpi.jpg</subfield>
  </datafield>
  <datafield tag="856" ind1="4" ind2=" ">
    <subfield code="8">2610385</subfield>
    <subfield code="s">67598</subfield>
    <subfield code="u">http://cds.cern.ch/record/1426683/files/1202017_08.jpg?subformat=icon-720</subfield>
    <subfield code="x">icon-720</subfield>
    <subfield code="z">CDSINTERNAL|MediaArchive|Migrated from: http://mediaarchive.cern.ch/MediaArchive/Photo/Public/2012/1202017/1202017_08/1202017_08-A5-at-72-dpi.jpg</subfield>
  </datafield>
  <datafield tag="856" ind1="4" ind2=" ">
    <subfield code="8">2610386</subfield>
    <subfield code="s">10027</subfield>
    <subfield code="u">http://cds.cern.ch/record/1426683/files/1202017_10.jpg?subformat=icon-180</subfield>
    <subfield code="x">icon-180</subfield>
    <subfield code="z">CDSINTERNAL|MediaArchive|Migrated from: http://mediaarchive.cern.ch/MediaArchive/Photo/Public/2012/1202017/1202017_10/1202017_10-Icon.jpg</subfield>
  </datafield>
  <datafield tag="856" ind1="4" ind2=" ">
    <subfield code="8">2610386</subfield>
    <subfield code="s">258860</subfield>
    <subfield code="u">http://cds.cern.ch/record/1426683/files/1202017_10.jpg?subformat=icon-1440</subfield>
    <subfield code="x">icon-1440</subfield>
    <subfield code="z">CDSINTERNAL|MediaArchive|Migrated from: http://mediaarchive.cern.ch/MediaArchive/Photo/Public/2012/1202017/1202017_10/1202017_10-A4-at-144-dpi.jpg</subfield>
  </datafield>
  <datafield tag="856" ind1="4" ind2=" ">
    <subfield code="8">2610386</subfield>
    <subfield code="s">47491</subfield>
    <subfield code="u">http://cds.cern.ch/record/1426683/files/1202017_10.jpg?subformat=icon-720</subfield>
    <subfield code="x">icon-720</subfield>
    <subfield code="z">CDSINTERNAL|MediaArchive|Migrated from: http://mediaarchive.cern.ch/MediaArchive/Photo/Public/2012/1202017/1202017_10/1202017_10-A5-at-72-dpi.jpg</subfield>
  </datafield>
  <datafield tag="856" ind1="4" ind2=" ">
    <subfield code="8">2610387</subfield>
    <subfield code="s">306398</subfield>
    <subfield code="u">http://cds.cern.ch/record/1426683/files/1202017_09.jpg?subformat=icon-1440</subfield>
    <subfield code="x">icon-1440</subfield>
    <subfield code="z">CDSINTERNAL|MediaArchive|Migrated from: http://mediaarchive.cern.ch/MediaArchive/Photo/Public/2012/1202017/1202017_09/1202017_09-A4-at-144-dpi.jpg</subfield>
  </datafield>
  <datafield tag="856" ind1="4" ind2=" ">
    <subfield code="8">2610387</subfield>
    <subfield code="s">58506</subfield>
    <subfield code="u">http://cds.cern.ch/record/1426683/files/1202017_09.jpg?subformat=icon-720</subfield>
    <subfield code="x">icon-720</subfield>
    <subfield code="z">CDSINTERNAL|MediaArchive|Migrated from: http://mediaarchive.cern.ch/MediaArchive/Photo/Public/2012/1202017/1202017_09/1202017_09-A5-at-72-dpi.jpg</subfield>
  </datafield>
  <datafield tag="856" ind1="4" ind2=" ">
    <subfield code="8">2610387</subfield>
    <subfield code="s">9977</subfield>
    <subfield code="u">http://cds.cern.ch/record/1426683/files/1202017_09.jpg?subformat=icon-180</subfield>
    <subfield code="x">icon-180</subfield>
    <subfield code="z">CDSINTERNAL|MediaArchive|Migrated from: http://mediaarchive.cern.ch/MediaArchive/Photo/Public/2012/1202017/1202017_09/1202017_09-Icon.jpg</subfield>
  </datafield>
  <datafield tag="856" ind1="4" ind2=" ">
    <subfield code="8">2610388</subfield>
    <subfield code="s">333886</subfield>
    <subfield code="u">http://cds.cern.ch/record/1426683/files/1202017_07.jpg?subformat=icon-1440</subfield>
    <subfield code="x">icon-1440</subfield>
    <subfield code="z">CDSINTERNAL|MediaArchive|Migrated from: http://mediaarchive.cern.ch/MediaArchive/Photo/Public/2012/1202017/1202017_07/1202017_07-A4-at-144-dpi.jpg</subfield>
  </datafield>
  <datafield tag="856" ind1="4" ind2=" ">
    <subfield code="8">2610388</subfield>
    <subfield code="s">60754</subfield>
    <subfield code="u">http://cds.cern.ch/record/1426683/files/1202017_07.jpg?subformat=icon-720</subfield>
    <subfield code="x">icon-720</subfield>
    <subfield code="z">CDSINTERNAL|MediaArchive|Migrated from: http://mediaarchive.cern.ch/MediaArchive/Photo/Public/2012/1202017/1202017_07/1202017_07-A5-at-72-dpi.jpg</subfield>
  </datafield>
  <datafield tag="856" ind1="4" ind2=" ">
    <subfield code="8">2610388</subfield>
    <subfield code="s">9695</subfield>
    <subfield code="u">http://cds.cern.ch/record/1426683/files/1202017_07.jpg?subformat=icon-180</subfield>
    <subfield code="x">icon-180</subfield>
    <subfield code="z">CDSINTERNAL|MediaArchive|Migrated from: http://mediaarchive.cern.ch/MediaArchive/Photo/Public/2012/1202017/1202017_07/1202017_07-Icon.jpg</subfield>
  </datafield>
  <datafield tag="856" ind1="4" ind2=" ">
    <subfield code="8">2610389</subfield>
    <subfield code="s">183604</subfield>
    <subfield code="u">http://cds.cern.ch/record/1426683/files/1202017_05.jpg?subformat=icon-1440</subfield>
    <subfield code="x">icon-1440</subfield>
    <subfield code="z">CDSINTERNAL|MediaArchive|Migrated from: http://mediaarchive.cern.ch/MediaArchive/Photo/Public/2012/1202017/1202017_05/1202017_05-A4-at-144-dpi.jpg</subfield>
  </datafield>
  <datafield tag="856" ind1="4" ind2=" ">
    <subfield code="8">2610389</subfield>
    <subfield code="s">32374</subfield>
    <subfield code="u">http://cds.cern.ch/record/1426683/files/1202017_05.jpg?subformat=icon-720</subfield>
    <subfield code="x">icon-720</subfield>
    <subfield code="z">CDSINTERNAL|MediaArchive|Migrated from: http://mediaarchive.cern.ch/MediaArchive/Photo/Public/2012/1202017/1202017_05/1202017_05-A5-at-72-dpi.jpg</subfield>
  </datafield>
  <datafield tag="856" ind1="4" ind2=" ">
    <subfield code="8">2610389</subfield>
    <subfield code="s">5971</subfield>
    <subfield code="u">http://cds.cern.ch/record/1426683/files/1202017_05.jpg?subformat=icon-180</subfield>
    <subfield code="x">icon-180</subfield>
    <subfield code="z">CDSINTERNAL|MediaArchive|Migrated from: http://mediaarchive.cern.ch/MediaArchive/Photo/Public/2012/1202017/1202017_05/1202017_05-Icon.jpg</subfield>
  </datafield>
  <datafield tag="856" ind1="4" ind2=" ">
    <subfield code="8">2610390</subfield>
    <subfield code="s">10414</subfield>
    <subfield code="u">http://cds.cern.ch/record/1426683/files/1202017_11.jpg?subformat=icon-180</subfield>
    <subfield code="x">icon-180</subfield>
    <subfield code="z">CDSINTERNAL|MediaArchive|Migrated from: http://mediaarchive.cern.ch/MediaArchive/Photo/Public/2012/1202017/1202017_11/1202017_11-Icon.jpg</subfield>
  </datafield>
  <datafield tag="856" ind1="4" ind2=" ">
    <subfield code="8">2610390</subfield>
    <subfield code="s">287022</subfield>
    <subfield code="u">http://cds.cern.ch/record/1426683/files/1202017_11.jpg?subformat=icon-1440</subfield>
    <subfield code="x">icon-1440</subfield>
    <subfield code="z">CDSINTERNAL|MediaArchive|Migrated from: http://mediaarchive.cern.ch/MediaArchive/Photo/Public/2012/1202017/1202017_11/1202017_11-A4-at-144-dpi.jpg</subfield>
  </datafield>
  <datafield tag="856" ind1="4" ind2=" ">
    <subfield code="8">2610390</subfield>
    <subfield code="s">51037</subfield>
    <subfield code="u">http://cds.cern.ch/record/1426683/files/1202017_11.jpg?subformat=icon-720</subfield>
    <subfield code="x">icon-720</subfield>
    <subfield code="z">CDSINTERNAL|MediaArchive|Migrated from: http://mediaarchive.cern.ch/MediaArchive/Photo/Public/2012/1202017/1202017_11/1202017_11-A5-at-72-dpi.jpg</subfield>
  </datafield>
  <datafield tag="856" ind1="4" ind2=" ">
    <subfield code="8">2610391</subfield>
    <subfield code="s">11536</subfield>
    <subfield code="u">http://cds.cern.ch/record/1426683/files/1202017_14.jpg?subformat=icon-180</subfield>
    <subfield code="x">icon-180</subfield>
    <subfield code="z">CDSINTERNAL|MediaArchive|Migrated from: http://mediaarchive.cern.ch/MediaArchive/Photo/Public/2012/1202017/1202017_14/1202017_14-Icon.jpg</subfield>
  </datafield>
  <datafield tag="856" ind1="4" ind2=" ">
    <subfield code="8">2610391</subfield>
    <subfield code="s">469412</subfield>
    <subfield code="u">http://cds.cern.ch/record/1426683/files/1202017_14.jpg?subformat=icon-1440</subfield>
    <subfield code="x">icon-1440</subfield>
    <subfield code="z">CDSINTERNAL|MediaArchive|Migrated from: http://mediaarchive.cern.ch/MediaArchive/Photo/Public/2012/1202017/1202017_14/1202017_14-A4-at-144-dpi.jpg</subfield>
  </datafield>
  <datafield tag="856" ind1="4" ind2=" ">
    <subfield code="8">2610391</subfield>
    <subfield code="s">78255</subfield>
    <subfield code="u">http://cds.cern.ch/record/1426683/files/1202017_14.jpg?subformat=icon-720</subfield>
    <subfield code="x">icon-720</subfield>
    <subfield code="z">CDSINTERNAL|MediaArchive|Migrated from: http://mediaarchive.cern.ch/MediaArchive/Photo/Public/2012/1202017/1202017_14/1202017_14-A5-at-72-dpi.jpg</subfield>
  </datafield>
  <datafield tag="856" ind1="4" ind2=" ">
    <subfield code="8">2610392</subfield>
    <subfield code="s">10120</subfield>
    <subfield code="u">http://cds.cern.ch/record/1426683/files/1202017_15.jpg?subformat=icon-180</subfield>
    <subfield code="x">icon-180</subfield>
    <subfield code="z">CDSINTERNAL|MediaArchive|Migrated from: http://mediaarchive.cern.ch/MediaArchive/Photo/Public/2012/1202017/1202017_15/1202017_15-Icon.jpg</subfield>
  </datafield>
  <datafield tag="856" ind1="4" ind2=" ">
    <subfield code="8">2610392</subfield>
    <subfield code="s">387814</subfield>
    <subfield code="u">http://cds.cern.ch/record/1426683/files/1202017_15.jpg?subformat=icon-1440</subfield>
    <subfield code="x">icon-1440</subfield>
    <subfield code="z">CDSINTERNAL|MediaArchive|Migrated from: http://mediaarchive.cern.ch/MediaArchive/Photo/Public/2012/1202017/1202017_15/1202017_15-A4-at-144-dpi.jpg</subfield>
  </datafield>
  <datafield tag="856" ind1="4" ind2=" ">
    <subfield code="8">2610392</subfield>
    <subfield code="s">65809</subfield>
    <subfield code="u">http://cds.cern.ch/record/1426683/files/1202017_15.jpg?subformat=icon-720</subfield>
    <subfield code="x">icon-720</subfield>
    <subfield code="z">CDSINTERNAL|MediaArchive|Migrated from: http://mediaarchive.cern.ch/MediaArchive/Photo/Public/2012/1202017/1202017_15/1202017_15-A5-at-72-dpi.jpg</subfield>
  </datafield>
  <datafield tag="856" ind1="4" ind2=" ">
    <subfield code="8">2610393</subfield>
    <subfield code="s">340528</subfield>
    <subfield code="u">http://cds.cern.ch/record/1426683/files/1202017_16.jpg?subformat=icon-1440</subfield>
    <subfield code="x">icon-1440</subfield>
    <subfield code="z">CDSINTERNAL|MediaArchive|Migrated from: http://mediaarchive.cern.ch/MediaArchive/Photo/Public/2012/1202017/1202017_16/1202017_16-A4-at-144-dpi.jpg</subfield>
  </datafield>
  <datafield tag="856" ind1="4" ind2=" ">
    <subfield code="8">2610393</subfield>
    <subfield code="s">44880</subfield>
    <subfield code="u">http://cds.cern.ch/record/1426683/files/1202017_16.jpg?subformat=icon-720</subfield>
    <subfield code="x">icon-720</subfield>
    <subfield code="z">CDSINTERNAL|MediaArchive|Migrated from: http://mediaarchive.cern.ch/MediaArchive/Photo/Public/2012/1202017/1202017_16/1202017_16-A5-at-72-dpi.jpg</subfield>
  </datafield>
  <datafield tag="856" ind1="4" ind2=" ">
    <subfield code="8">2610393</subfield>
    <subfield code="s">5753</subfield>
    <subfield code="u">http://cds.cern.ch/record/1426683/files/1202017_16.jpg?subformat=icon-180</subfield>
    <subfield code="x">icon-180</subfield>
    <subfield code="z">CDSINTERNAL|MediaArchive|Migrated from: http://mediaarchive.cern.ch/MediaArchive/Photo/Public/2012/1202017/1202017_16/1202017_16-Icon.jpg</subfield>
  </datafield>
  <datafield tag="856" ind1="4" ind2=" ">
    <subfield code="8">2610394</subfield>
    <subfield code="s">298970</subfield>
    <subfield code="u">http://cds.cern.ch/record/1426683/files/1202017_17.jpg?subformat=icon-1440</subfield>
    <subfield code="x">icon-1440</subfield>
    <subfield code="z">CDSINTERNAL|MediaArchive|Migrated from: http://mediaarchive.cern.ch/MediaArchive/Photo/Public/2012/1202017/1202017_17/1202017_17-A4-at-144-dpi.jpg</subfield>
  </datafield>
  <datafield tag="856" ind1="4" ind2=" ">
    <subfield code="8">2610394</subfield>
    <subfield code="s">41662</subfield>
    <subfield code="u">http://cds.cern.ch/record/1426683/files/1202017_17.jpg?subformat=icon-720</subfield>
    <subfield code="x">icon-720</subfield>
    <subfield code="z">CDSINTERNAL|MediaArchive|Migrated from: http://mediaarchive.cern.ch/MediaArchive/Photo/Public/2012/1202017/1202017_17/1202017_17-A5-at-72-dpi.jpg</subfield>
  </datafield>
  <datafield tag="856" ind1="4" ind2=" ">
    <subfield code="8">2610394</subfield>
    <subfield code="s">6217</subfield>
    <subfield code="u">http://cds.cern.ch/record/1426683/files/1202017_17.jpg?subformat=icon-180</subfield>
    <subfield code="x">icon-180</subfield>
    <subfield code="z">CDSINTERNAL|MediaArchive|Migrated from: http://mediaarchive.cern.ch/MediaArchive/Photo/Public/2012/1202017/1202017_17/1202017_17-Icon.jpg</subfield>
  </datafield>
  <datafield tag="856" ind1="4" ind2=" ">
    <subfield code="8">2610395</subfield>
    <subfield code="s">294973</subfield>
    <subfield code="u">http://cds.cern.ch/record/1426683/files/1202017_12.jpg?subformat=icon-1440</subfield>
    <subfield code="x">icon-1440</subfield>
    <subfield code="z">CDSINTERNAL|MediaArchive|Migrated from: http://mediaarchive.cern.ch/MediaArchive/Photo/Public/2012/1202017/1202017_12/1202017_12-A4-at-144-dpi.jpg</subfield>
  </datafield>
  <datafield tag="856" ind1="4" ind2=" ">
    <subfield code="8">2610395</subfield>
    <subfield code="s">53057</subfield>
    <subfield code="u">http://cds.cern.ch/record/1426683/files/1202017_12.jpg?subformat=icon-720</subfield>
    <subfield code="x">icon-720</subfield>
    <subfield code="z">CDSINTERNAL|MediaArchive|Migrated from: http://mediaarchive.cern.ch/MediaArchive/Photo/Public/2012/1202017/1202017_12/1202017_12-A5-at-72-dpi.jpg</subfield>
  </datafield>
  <datafield tag="856" ind1="4" ind2=" ">
    <subfield code="8">2610395</subfield>
    <subfield code="s">9159</subfield>
    <subfield code="u">http://cds.cern.ch/record/1426683/files/1202017_12.jpg?subformat=icon-180</subfield>
    <subfield code="x">icon-180</subfield>
    <subfield code="z">CDSINTERNAL|MediaArchive|Migrated from: http://mediaarchive.cern.ch/MediaArchive/Photo/Public/2012/1202017/1202017_12/1202017_12-Icon.jpg</subfield>
  </datafield>
  <datafield tag="856" ind1="4" ind2=" ">
    <subfield code="8">2610396</subfield>
    <subfield code="s">10446</subfield>
    <subfield code="u">http://cds.cern.ch/record/1426683/files/1202017_13.jpg?subformat=icon-180</subfield>
    <subfield code="x">icon-180</subfield>
    <subfield code="z">CDSINTERNAL|MediaArchive|Migrated from: http://mediaarchive.cern.ch/MediaArchive/Photo/Public/2012/1202017/1202017_13/1202017_13-Icon.jpg</subfield>
  </datafield>
  <datafield tag="856" ind1="4" ind2=" ">
    <subfield code="8">2610396</subfield>
    <subfield code="s">307549</subfield>
    <subfield code="u">http://cds.cern.ch/record/1426683/files/1202017_13.jpg?subformat=icon-1440</subfield>
    <subfield code="x">icon-1440</subfield>
    <subfield code="z">CDSINTERNAL|MediaArchive|Migrated from: http://mediaarchive.cern.ch/MediaArchive/Photo/Public/2012/1202017/1202017_13/1202017_13-A4-at-144-dpi.jpg</subfield>
  </datafield>
  <datafield tag="856" ind1="4" ind2=" ">
    <subfield code="8">2610396</subfield>
    <subfield code="s">56518</subfield>
    <subfield code="u">http://cds.cern.ch/record/1426683/files/1202017_13.jpg?subformat=icon-720</subfield>
    <subfield code="x">icon-720</subfield>
    <subfield code="z">CDSINTERNAL|MediaArchive|Migrated from: http://mediaarchive.cern.ch/MediaArchive/Photo/Public/2012/1202017/1202017_13/1202017_13-A5-at-72-dpi.jpg</subfield>
  </datafield>
  <datafield tag="903" ind1=" " ind2=" ">
    <subfield code="s">public</subfield>
  </datafield>
  <datafield tag="923" ind1=" " ind2=" ">
    <subfield code="r">Gschwendtner E. &lt;edda.gschwendtner@cern.ch></subfield>
  </datafield>
  <datafield tag="924" ind1=" " ind2=" ">
    <subfield code="b">01</subfield>
  </datafield>
</record>
</collection>